| 000 | 00473nam a22001817a 4500 | ||
|---|---|---|---|
| 003 | MPLRDC | ||
| 005 | 20220104124927.0 | ||
| 008 | 210129b ||||| |||| 00| 0 eng d | ||
| 020 | _a7-5310-0506-9 | ||
| 082 | _a859.61 DWH v.6 | ||
| 100 | _a段万翰等 著 | ||
| 245 |
_a画说世界五千年. 六 _c郑振卿等 改编 |
||
| 250 | _a一版一刷 | ||
| 260 |
_a _b河北美术出版社 _c1993 |
||
| 300 | _b平 | ||
| 650 | _a世界历史 | ||
| 942 |
_cBK _o859.61 DWH v.6 |
||
| 999 |
_c23259 _d23249 |
||